El derecho como hecho.
Saved in:
| 主要作者: | |
|---|---|
| 格式: | 圖書 |
| 出版: |
Buenos Aires, Argentina:
Roque Depalma Editor,
1959.
|
| 主題: | |
| 標簽: |
添加標簽
沒有標簽, 成為第一個標記此記錄!
|
MARC
| LEADER | 00000nam a2200000 a 4500 | ||
|---|---|---|---|
| 001 | UCS9684 | ||
| 003 | CL-VaPUC | ||
| 005 | 20221021100018.0 | ||
| 008 | 220623t1959 ||||| |||| 00| 0 eng d | ||
| 999 | |c 436258 |d 436256 | ||
| 040 | |c Pontificia Universidad Católica de Valparaíso | ||
| 082 | 0 | 4 | |a 340.11 OLI 1959 |2 21 |
| 100 | |a Olivecrona, Karl |e autor |9 394953 | ||
| 245 | 1 | 3 | |a El derecho como hecho. |
| 260 | |a Buenos Aires, Argentina: |b Roque Depalma Editor, |c 1959. | ||
| 300 | |a 197 páginas. | ||
| 500 | |a c.1 Donación Familia Prof. Alejandro Guzmán Brito. | ||
| 500 | |a En apéndice. El imperativo de la Ley. | ||
| 583 | |a last modification |c 19971121 00:00:00 |k Cristina María Rojas Aguilar | ||
| 650 | 0 | |a Positivismo jurídico |9 255992 | |
| 650 | 0 | |a Filosofía del derecho |9 255050 | |
| 650 | 0 | |a Derecho natural |9 255041 | |
| 650 | 0 | |a Normas jurídicas |9 258310 | |
| 650 | 0 | |a Derecho subjetivo |9 256705 | |
| 650 | 0 | |a Escuelas filosóficas |9 266232 | |
| 650 | 0 | |a Ordenamiento jurídico |9 355371 | |
| 942 | |c BK |2 ddc |n 0 | ||
| 952 | |0 0 |1 0 |2 ddc |4 0 |6 340_110000000000000_OLI_1959 |7 0 |8 C_AGB |9 583989 |a BIBDER |b BIBDER |d 2022-06-23 |e Donación |i 5652064 |o 340.11 OLI 1959 |p 5652064 |r 2023-01-25 |t 1 |w 2022-06-23 |y BK_US |k AGB | ||